Gender sorting and glass ceiling in high-tech firms (Registro nro. 48985)
[ vista simple ]
| 000 -CABECERA | |
|---|---|
| Longitud fija campo de control | 01061naa a2200289 c 4500 |
| 001 - NÚMERO DE CONTROL | |
| Número de control | 48985 |
| 003 - IDENTIFICADOR DE NÚMERO DE CONTROL | |
| Identificador del número de control | ES-MaCES |
| 005 - FECHA Y HORA DE LA ÚLTIMA TRANSACCIÓN | |
| Fecha y hora de la última transacción | 20170307122314.0 |
| 008 - CAMPO FIJO DE DESCRIPCIÓN FIJA--INFORMACIÓN GENERAL | |
| Códigos de información de longitud fija | 170307s2017 us ||||| t||||||| ||eng d |
| 040 ## - FUENTE DE CATALOGACIÓN | |
| Centro catalogador de origen | ES-MaCES |
| Lengua de catalogación | spa |
| Centro transcriptor | ES-MaCES |
| Centro modificado | ES-MaCES |
| 100 1# - ENCABEZAMIENTO PRINCIPAL--NOMBRE PERSONAL | |
| 9 (RLIN) | 11749 |
| Nombre de persona | Fernández, Roberto M. |
| 245 10 - MENCIÓN DE TÍTULO | |
| Título | Gender sorting and glass ceiling in high-tech firms |
| Mención de responsabilidad, etc. | Roberto M. Fernandez, Santiago Campero |
| 500 ## - NOTA GENERAL | |
| Nota general | Resumen |
| 504 ## - NOTA DE BIBLIOGRAFÍA, ETC. | |
| Nota de bibliografía, etc. | Bibliografía: p. 101-104 |
| 650 #4 - ASIENTO SECUNDARIO DE MATERIA--TÉRMINO DE MATERIA | |
| 9 (RLIN) | 28657 |
| Término de materia o nombre geográfico como elemento inicial | mujeres |
| 650 #4 - ASIENTO SECUNDARIO DE MATERIA--TÉRMINO DE MATERIA | |
| 9 (RLIN) | 28413 |
| Término de materia o nombre geográfico como elemento inicial | trabajadora |
| 650 #4 - ASIENTO SECUNDARIO DE MATERIA--TÉRMINO DE MATERIA | |
| 9 (RLIN) | 28192 |
| Término de materia o nombre geográfico como elemento inicial | alta dirección |
| 650 #4 - ASIENTO SECUNDARIO DE MATERIA--TÉRMINO DE MATERIA | |
| 9 (RLIN) | 27293 |
| Término de materia o nombre geográfico como elemento inicial | liderazgo |
| 650 #4 - ASIENTO SECUNDARIO DE MATERIA--TÉRMINO DE MATERIA | |
| 9 (RLIN) | 29403 |
| Término de materia o nombre geográfico como elemento inicial | desarrollo de la carrera |
| 650 #4 - ASIENTO SECUNDARIO DE MATERIA--TÉRMINO DE MATERIA | |
| 9 (RLIN) | 28178 |
| Término de materia o nombre geográfico como elemento inicial | empresa |
| 650 #4 - ASIENTO SECUNDARIO DE MATERIA--TÉRMINO DE MATERIA | |
| 9 (RLIN) | 30473 |
| Término de materia o nombre geográfico como elemento inicial | industria de alta tecnología |
| 653 10 - TÉRMINO DE INDEXACIÓN--NO CONTROLADO | |
| Término no controlado | Mujer |
| 700 1# - ENCABEZAMIENTO SECUNDARIO--NOMBRE PERSONAL | |
| 9 (RLIN) | 37864 |
| Nombre de persona | Campero, Santiago |
| 773 0# - ENTRADA DE DOCUMENTO FUENTE | |
| Itemnumber del ítem fuente | 85727 |
| Lugar, editor y fecha de publicación | New York (Ithaca, 14853-3901) Cornell University |
| Otro identificador del documento | 088625 |
| Título | Industrial and labor relations review |
| Número de control del registro relacionado | (ES-MaCES)25696 |
| Parte(s) relacionada(s) | vol. 70, no. 1 (Jan. 2017) {10695 R. 088625} ;p. 73-104 |
| 902 ## - CES. TIPO DE DOCUMENTO | |
| Tipodoc (006$c Sirtex) | ART Artículo de revista |
| 942 ## - ELEMENTOS KOHA | |
| Fuente de clasificaión o esquema | Clasificación propia del CES |
| Koha [por defecto] tipo de item | Artículos (1982-2017) |
| Parte de clasificación | Asuntos Sociales |
No hay ítems disponibles.
